Normal view
MARC view
- Celesia, Jon.A
Entry Personal Name
001 - CONTROL NUMBER
- control field: 76366
003 - CONTROL NUMBER IDENTIFIER
- control field: NUST
005 - DATE AND TIME OF LATEST TRANSACTION
- control field: 20210628205631.0
008 - FIXED-LENGTH DATA ELEMENTS
- fixed length control field: 210628|| aca||aabn | a|a d
040 ## - CATALOGING SOURCE
- Original cataloging agency: NUST
- Transcribing agency: NUST
100 ## - HEADING--PERSONAL NAME
- Personal name: Celesia, Jon.A
670 ## - SOURCE DATA FOUND
- Source citation: Work cat.: (NUST): Celesia, Jon.A, Introductory college physics a guide to student primer, 1998
